000 00366nam a22001457a 4500
003 OSt
005 20160727222457.0
008 160705b xxu||||| |||| 00| 0 eng d
040 _cTEST
100 _92190
_a Shivkumar
245 _aStories from Panchatantra
260 _aN.D
_b Children Books Trust
_c2003
300 _aStories from Panchatantra
942 _2ddc
_cBK
999 _c1880
_d1880